| 000 | 00534nam a22001697a 4500 | ||
|---|---|---|---|
| 003 | OSt | ||
| 005 | 20260303111547.0 | ||
| 008 | 260303b |||||||| |||| 00| 0 eng d | ||
| 040 | _cMRSPTU | ||
| 041 | _aEnglish | ||
| 100 | _aPalak Chopra, Supervisor: Gurpreet Singh Bath | ||
| 245 | _aInfluence of Waste Fly ASH on Characteristics of Clayey Soil | ||
| 260 |
_bDepartment of Civil Engg. MRSPTU, Bathinda _c2017 |
||
| 650 | _aCivil Engineering | ||
| 856 | _uhttp://163.47.215.52:8080/jspui/handle/123456789/251 | ||
| 942 |
_2ddc _cTH _n0 |
||
| 999 |
_c11042 _d11042 |
||